Atlas del universo y de Chile regionalizado: mapas y datos puestos al día: datos de Chile actualizados a 1990
Enregistré dans:
| Format: | Livre |
|---|---|
| Langue: | espagnol |
| Publié: |
Santiago
Zig-Zag
1991
|
| Édition: | 21a. ed |
| Sujets: | |
| Tags: |
Ajouter un tag
Pas de tags, Soyez le premier à ajouter un tag!
|
MARC
| LEADER | 00000nam a2200000 a 4500 | ||
|---|---|---|---|
| 001 | UCX2542 | ||
| 003 | CL-VaPUC | ||
| 008 | 910617e19910000CL |||||||||||||||||spa|d | ||
| 082 | 0 | 4 | |a 912 |b ATL |2 21 |
| 245 | 1 | 0 | |a Atlas del universo y de Chile regionalizado: mapas y datos puestos al día: datos de Chile actualizados a 1990 |
| 250 | |a 21a. ed | ||
| 300 | |a 80 p | ||
| 942 | |c BK | ||
| 945 | |d 19910617 00:00:00 | ||
| 260 | |a Santiago |b Zig-Zag |c 1991 | ||
| 650 | 0 | |a Atlas |9 260843 | |
| 650 | 0 | |a Mapas |9 260844 | |
| 651 | 7 | |a CHILE |2 CL-VaPUC |9 318493 | |
| 583 | |a last modification |c 19910617 00:00:00 |k Rodrigo Vera | ||
| 999 | |c 223537 |d 223535 | ||
| 952 | |0 0 |1 0 |4 0 |6 912_000000000000000_ATL_1991 |7 0 |8 X |9 219451 |a BIBHIS |b BIBHIS |d 2019-11-15 |i 2881772 |o 912 ATL 1991 |p 2881772 |r 2024-01-30 |w 2019-11-15 |y BK_X |k HIS | ||
| 952 | |0 0 |1 0 |4 0 |6 912_000000000000000_ATL_1991 |7 0 |8 X |9 219452 |a BIBHIS |b BIBHIS |d 2019-11-15 |i 2881780 |o 912 ATL 1991 |p 2881780 |r 2024-01-30 |w 2019-11-15 |y BK_X |k HIS | ||